000 00513nam a22001817a 4500
999 _c2023
_d2023
003 SLTCLib
008 260605b ce ||||| |||| 00| 0 eng d
020 _a9781032438238
041 _aEnglish
080 _2004.7(536.85)
_aMAD
100 _aMadhusanka, B.G.D.A.
_93571
245 _aArtificial Intelligence- Based Ststem for Gaze-Based Communication
300 _a160p.
650 0 _92104
_aArtificial intelligence
650 0 _9308
_aCommunication
700 _93570
_aRamadass, Sureswaran
942 _2lcc
_cMRE
945 _a3725
_bIshara wickramage
_c3725
_dIshara wickramage